000 00504nam a22001932 4500
001 0000017275
003 OSt
005 20140825164709.0
008 090928s1960 xx 000 0 eng d
040 _aPUL
_cPUL
050 _aBX8333.S25
_bW42 1960
100 1 _aSangster, W. E.,
_d1900-1960.
245 1 0 _aCan I know God? :
_band other sermons.
260 _aNew York :
_bAbingdon Press,
_c1960.
300 _a176 p. ;
_c21 cm.
650 0 _aMethodist Church.
908 _a090928
942 _2lcc
_cBK
999 _c16569
_d16569